Transforming administrative policy (Record no. 52632)

000 -LEADER
fixed length control field 01653pab a2200169 454500
008 - FIXED-LENGTH DATA ELEMENTS--GENERAL INFORMATION
fixed length control field 180718b2002 xxu||||| |||| 00| 0 eng d
100 ## - MAIN ENTRY--PERSONAL NAME
Personal name Christensen, Tom
245 ## - TITLE STATEMENT
Title Transforming administrative policy
260 ## - PUBLICATION, DISTRIBUTION, ETC.
Date of publication, distribution, etc. 2002
300 ## - PHYSICAL DESCRIPTION
Extent p.153-78.
520 ## - SUMMARY, ETC.
Summary, etc. Administrative policies and practices may evolve and change slowly and incrementally or they may be transformed intentionally. Intentional efforts to change administrative policy by transforming the structure, processes, or personnel of public sector organizations define an active administrative policy. Ideally, an active administrative policy takes as given that the organizational form to be used is open to choice, that administrative goals are clear, that a tight coupling exists between ends and means, that different organizational forms have different effects, and that there are criteria that may be used to assess those effects. This article focuses on the fulfilment of these preconditions in the three national contexts - Norway, Sweden and the United States of America - in order to determine the relevance of a transformative perspective for understanding the process of administrative change. We examine what impact constraints like polity features, historical-institutional traditions and external pressure, particularly through popular international administrative doctrines like New Public Management ideas and financial crises, have on the possibilities to enhance an active national administrative policy. - Reproduced.
650 ## - SUBJECT ADDED ENTRY--TOPICAL TERM
Topical term or geographic name entry element Public administration
700 ## - ADDED ENTRY--PERSONAL NAME
Personal name Wise, Lois
700 ## - ADDED ENTRY--PERSONAL NAME
Personal name Laegrid, Per
773 ## - HOST ITEM ENTRY
Main entry heading Public Administration
909 ## -
-- 52632
Holdings
Withdrawn status Lost status Damaged status Not for loan Permanent Location Current Location Date acquired Serial Enumeration / chronology Barcode Date last seen Price effective from Koha item type
        Indian Institute of Public Administration Indian Institute of Public Administration 2018-07-19 Volume no: 80, Issue no: 1 AR53062 2018-07-19 2018-07-19 Articles

Powered by Koha